000 00710nam a2200205 a 4500
008 120416s1995 ||||||||||||||||| || u
020 _a052148345X
050 _aSB 605.G7 Car
100 _aCarlile, W. R
245 1 0 _aControl of crop diseases. (2nd ed.)
250 _a2nd ed.
260 _aCambridge:
_bCUP
_c1995
300 _ax, 145p. : ill.
350 _a0.00
650 _aFungicides
650 _aPLANT DISEASES--GREAT BRITAIN
650 _aPLANT DISEASES--EUROPE
650 _aPHYTOPATHOGENIC MICROORGANISMS--CONTROL--GREAT BRITAIN
995 _D0.00
_FCBU-MAIN LIBRARY (Kitwe)
_H1
_I15.00
_M1
_UAVAILABLE
_ZMain Library Open Access Collection
999 _c38717
_d38717